Statistics for Smallest Countries by Flag

Click here to take the quiz!

General Stats

  • This quiz has been taken 64 times
  • The average score is 13 of 16

Answer Stats

Answer% Correct
Vatican City
98%
Monaco
92%
San Marino
92%
Nauru
91%
Liechtenstein
89%
Malta
89%
Tuvalu
89%
Barbados
81%
Marshall Islands
81%
Palau
81%
Saint Kitts and the Nevis
77%
Saint Vincent and the Grenadines
77%
Seychelles
75%
Antigua and Barbuda
74%
Maldives
74%
Grenada
70%

Score Distribution

Percentile by Number Answered

Percent of People with Each Score

Your Score History

You have not taken this quiz